Представление документа в формате MARC21

Поле Инд. ПП Название Значение
Тип записи a
Библиографический уровень m
001 Контрольный номер RU/IS/BASE/325684313
005 Дата корректировки 20140227122146.3
040 a Служба первич. каталог. НБ ТвГУ
b Код языка каталог. rus
e Правила каталог. PSBO
041 0_ a Код языка текста rus
080 a Индекс УДК 159.923.2
084 a Индекс другой классификации/Индекс ББК Ю937
090 a Полочн. индекс 15
x Авторский знак К 56
100 1_ a Автор Ковалев Александр Григорьевич
q Полное имя Ковалев А. Г.
245 10 a Заглавие Психология личности
b Продолж. заглавия учебное пособие
c Ответственность [ред. А. И. Щербаков] ; Ленингр. гос. пед. ин-т им. А. И. Герцена
260 a Место издания Ленинград
b Издательство б. и.
c Дата издания 1963
300 a Объем 261, [3] с.
b Иллюстрации/ тип воспроизводства ил.
504 a Библиография Библиогр.: с. 261-262
653 a Ключевые слова Личность
a Ключевые слова Психология личности
700 1_ a Другие авторы Щербаков А. И.
e Роль лиц ред.
920 a Оператор Гуль
954 a Дата поступления на обработку 20100427